书目信息 |
| 题名: |
柳宗理设计
|
|
| 作者: | 柳宗理, 著 ;金静和 译 | |
| 分册: | ||
| 出版信息: | 北京 新星出版社 2021.10 |
|
| 页数: | 179页 | |
| 开本: | 30cm | |
| 丛书名: | ||
| 单 册: | ||
| 中图分类: | TB47 | |
| 科图分类: | ||
| 主题词: | 工业设计--gong ye she ji--作品集--日本--现代 | |
| 电子资源: | ||
| ISBN: | 978-7-5133-4583-5 | |
| 000 | 01022nam0 2200229 450 | |
| 001 | 26200 | |
| 005 | 20220919221113.70 | |
| 010 | @a978-7-5133-4583-5@dCNY258.00 | |
| 100 | @a20211116d2021 em y0chiy50 ea | |
| 101 | 1 | @achi@cjpn |
| 102 | @aCN@b110000 | |
| 105 | @aa z 000yy | |
| 200 | 1 | @a柳宗理设计@Aliu zong li she ji@f(日) 柳宗理著@g金静和译 |
| 210 | @a北京@c新星出版社@d2021.10 | |
| 215 | @a179页@c彩图@d30cm | |
| 330 | @a本书是日本工业设计先驱柳宗理的设计作品集。最初配合1998年于东京Sezon美术馆举办的“柳宗理设计˙战后设计先驱”展发行, 收录200余件柳宗理设计作品的资料照片及设计草图, 涵盖商标、海报、期刊封面、玩具、餐具、家具、桥梁、地铁设施、奥运火炬等, 辅以阐释其核心设计理念的论文、演讲, 以及由柳工业设计研究会z新修订的柳宗理年谱, 是了解这位工业设计大师的入门之作。 | |
| 606 | 0 | @a工业设计@Agong ye she ji@x作品集@y日本@z现代 |
| 690 | @aTB47@v5 | |
| 701 | 0 | @a柳宗理,@Aliu zong li@f1915-2011@4著 |
| 702 | 0 | @a金静和@Ajin jing he@4译 |
| 801 | 0 | @aCN@c20220910 |
| 905 | @a河南城建学院图书馆@dTB47@eL757@f1 | |
| 柳宗理设计/(日) 柳宗理著/金静和译.-北京:新星出版社,2021.10 |
| 179页:彩图;30cm |
| ISBN 978-7-5133-4583-5:CNY258.00 |
| 本书是日本工业设计先驱柳宗理的设计作品集。最初配合1998年于东京Sezon美术馆举办的“柳宗理设计˙战后设计先驱”展发行, 收录200余件柳宗理设计作品的资料照片及设计草图, 涵盖商标、海报、期刊封面、玩具、餐具、家具、桥梁、地铁设施、奥运火炬等, 辅以阐释其核心设计理念的论文、演讲, 以及由柳工业设计研究会z新修订的柳宗理年谱, 是了解这位工业设计大师的入门之作。 |
| ● |
| 相关链接 |
|
|
|
正题名:柳宗理设计
索取号:TB47/L757
 
预约/预借
| 序号 | 登录号 | 条形码 | 馆藏地/架位号 | 状态 | 备注 |
| 1 | 1577095 | 215770958 | 自科库501/501自科库 15排3列3层/ [索取号:TB47/L757] | 在馆 |